000 00367nam a2200133Ia 4500
008 210716s1992 xx 000 0 und d
041 _aeng
082 _a005.301 BERT
100 _aBerliner, Thomas H; Reeves, David T.
245 _aIllustrated lotus 1-2-3 book.
260 _aNew Delhi
_bGalgotia Publications Pvt Ltd
_c1992
300 _aviii,288
650 _aNone
999 _c182208
_d182208